000 00394cam a22001692a 4500
001 000004
003 AR-FADEU
008 311216n1989####xxu####################dd
110 _aReal Patronato de Educación y Atención a Deficientes
245 _aPerfiles de Prevención
300 _g18 min.
300 _bVHS
260 _aMadrid
260 _bSERTEL
260 _c1989
942 _cVIDEO
999 _c211
_d211